[Event "ICS rated blitz match"]
[Site "204.178.125.65"]
[Date "1999.08.10"]
[Round "?"]
[White "Esen"]
[Black "Hossa"]
[Result "0-1"]
[WhiteElo "2017"]
[BlackElo "2468"]
[PlyCount "55"]
[EventDate "1999.??.??"]

1. e4 c6 2. d4 d5 3. e5 Bf5 4. Bd3 Bxd3 5. Qxd3 e6 6. Nf3 Qa5+ 7. Bd2 Qb6 8.
Qb3 Qa6 9. Qd3 Qb6 10. Qb3 Qa6 11. Qd3 Qxd3 12. cxd3 Ne7 13. Bg5 Nf5 14. Be3
Bb4+ 15. Nc3 O-O 16. a3 Ba5 17. b4 Bc7 18. g4 Nxe3 19. fxe3 a5 20. Ke2 axb4 21.
axb4 Na6 22. b5 Nb4 23. Rab1 Na2 24. Nxa2 Rxa2+ 25. Kf1 f6 26. bxc6 fxe5 27.
cxb7 Rxf3+ 28. Ke1 {Esen resigns} 0-1

[Event "ICS rated blitz match"]
[Site "204.178.125.65"]
[Date "1999.08.10"]
[Round "?"]
[White "Hossa"]
[Black "Esen"]
[Result "1-0"]
[WhiteElo "2470"]
[BlackElo "2015"]
[PlyCount "52"]
[EventDate "1999.??.??"]

1. d4 Nf6 2. c4 e6 3. Nf3 Bb4+ 4. Bd2 Bxd2+ 5. Nbxd2 b6 6. e3 Bb7 7. Be2 d6 8.
O-O Ne4 9. Nxe4 Bxe4 10. Nd2 Bb7 11. Bd3 O-O 12. Qh5 g6 13. Qh6 Qf6 14. Ne4
Bxe4 15. Bxe4 c6 16. b4 d5 17. Bd3 Nd7 18. cxd5 cxd5 19. Bb5 Rfd8 20. Rac1 a6
21. Bxd7 Rxd7 22. Rc6 Rb8 23. Rfc1 Qg7 24. Qf4 Rdd8 25. Qc7 Qf8 26. a3 26...
Rdc8 {Esen resigns} 1-0

[Event "ICS rated blitz match"]
[Site "204.178.125.65"]
[Date "1999.08.10"]
[Round "?"]
[White "Esen"]
[Black "Hossa"]
[Result "0-1"]
[WhiteElo "2013"]
[BlackElo "2472"]
[PlyCount "38"]
[EventDate "1999.??.??"]

1. e4 c6 2. d4 d5 3. e5 Bf5 4. Bd3 Bxd3 5. Qxd3 e6 6. Nf3 Qa5+ 7. Bd2 Qb6 8.
Qb3 Qa6 9. Qd3 Qb6 10. Qb3 Qa6 11. Qd3 Qxd3 12. cxd3 Ne7 13. Bb4 Nf5 14. Bxf8
Rxf8 15. g4 Ne7 16. Nc3 f6 17. Nh4 fxe5 18. dxe5 Nd7 19. d4 19... Rf4 {
Esen resigns} 0-1

[Event "ICS rated blitz match"]
[Site "204.178.125.65"]
[Date "1999.08.10"]
[Round "?"]
[White "Hossa"]
[Black "Esen"]
[Result "1/2-1/2"]
[WhiteElo "2474"]
[BlackElo "2011"]
[Annotator "Hiarcs 7.32 (19s)"]
[PlyCount "151"]
[EventDate "1999.??.??"]

1. d4 Nf6 2. c4 e6 3. Nc3 Bb4 4. Bg5 Bxc3+ 5. bxc3 h6 (5... d6 6. f3 Nbd7 7. e4
Nf8 8. Bd3 h6 9. Be3 Ng6 10. Ne2 e5 11. Qd2 Qe7 12. Ng3 Nh4 13. O-O g5 14. Rab1
b6 15. a4 a5 16. c5 bxc5 17. Bb5+ Bd7 18. dxc5 Bxb5 19. Rxb5 O-O 20. c4 {
Keene,R-Bachtiar,A/Surakarta 1982/MCD/1-0 (38)}) (5... Qe7 6. Nf3 O-O 7. e3 d6
8. Bd3 h6 9. Bh4 e5 10. Bxf6 Qxf6 11. O-O Nc6 12. Qc2 Qe7 13. e4 b6 14. d5 Na5
15. h3 Ba6 16. Qe2 Nb7 17. Nd2 Nc5 18. Bc2 Rac8 19. f4 exf4 20. Rxf4 {
Heuer,F-Starke,R/Leipzig 1998/EXT 99/ - (35)}) 6. Bxf6 Qxf6 7. e4 $146 (7. Nf3
b6 8. g3 O-O 9. Bg2 Bb7 10. O-O Be4 11. Nd2 Bxg2 12. Kxg2 d6 13. f4 c5 14. Nf3
Nc6 15. e4 Na5 16. Qd3 Rac8 17. d5 Qe7 18. Nd2 f6 19. Rfe1 e5 20. f5 Qd7 21. a4
21... Kf7 {Miralles,A-Mateos,R/Cajas 1989/EXT 97/ - (57)}) 7... d6 8. Bd3 b6 9.
Qf3 Qxf3 10. Nxf3 Nd7 11. Rb1 e5 12. Ke2 c5 13. a4 O-O 14. Rb2 Re8 15. d5 Nf8
16. Ke3 Bg4 17. g3 Bxf3 18. Kxf3 Rab8 19. h4 g6 20. Ke3 Kg7 21. f3 f6 22. g4 g5
23. hxg5 hxg5 24. Rbh2 a5 25. Rh3 Rbd8 26. R1h2 Rb8 27. Rh5 Rbd8 28. Rh8 Rb8
29. Rh1 Rbd8 30. R8h5 Rb8 31. R5h2 Rbd8 32. Kf2 Rb8 33. Kg3 Rbd8 34. Rh6 Rb8
35. Kf2 Rbd8 36. R6h5 Rb8 37. R5h3 Rbd8 38. Kg3 Rb8 39. R1h2 Rbd8 40. Rh5 Rb8
41. Rh8 Rbd8 42. Rh1 Rb8 43. Kf2 Rbd8 44. Ke2 Rb8 45. R8h6 Rbd8 46. Kd2 Rb8 47.
Kd1 Rbd8 48. Kc2 Rb8 49. R6h2 Rbd8 50. Rh8 Rb8 51. R8h5 Rbd8 52. R5h3 Rb8 53.
Kd2 Rbd8 54. R3h2 Rb8 55. Rh8 Rbd8 56. R8h5 Rb8 57. R1h2 Rbd8 58. Ke2 Rb8 59.
Rh6 Rbd8 60. R6h3 Rb8 61. Kd1 Rbd8 62. Rh1 Rb8 63. R3h2 Rbd8 64. Ke2 Rb8 65.
Bc2 Rbd8 66. Rh3 Rb8 67. Bd3 Rbd8 68. Kf1 Rb8 69. Ke1 Rbd8 70. R3h2 Rb8 71. Rh8
Rbd8 72. Kd1 Rb8 73. R1h2 Rbd8 74. R8h5 Rb8 75. Ke2 Rbd8 76. Ke3 1/2-1/2

[Event "ICS rated blitz match"]
[Site "204.178.125.65"]
[Date "1999.08.10"]
[Round "?"]
[White "Esen"]
[Black "Hossa"]
[Result "0-1"]
[WhiteElo "2025"]
[BlackElo "2460"]
[PlyCount "38"]
[EventDate "1999.??.??"]

1. e4 c6 2. d4 d5 3. exd5 cxd5 4. c3 Nc6 5. Bb5 a6 6. Bxc6+ bxc6 7. Nf3 e6 8.
O-O Bd6 9. b3 Bb7 10. Bb2 Ne7 11. b4 O-O 12. a3 Ng6 13. Nbd2 f6 14. Re1 e5 15.
Nb3 Rb8 16. Nc5 Bxc5 17. bxc5 Bc8 18. Rb1 Bf5 19. Qd2 19... Rf7 {Esen resigns}
0-1

[Event "ICS rated blitz match"]
[Site "204.178.125.65"]
[Date "1999.08.10"]
[Round "?"]
[White "Hossa"]
[Black "VirtualChessX"]
[Result "0-1"]
[WhiteElo "2462"]
[BlackElo "2529"]
[PlyCount "84"]
[EventDate "1999.??.??"]

1. d4 d5 2. c4 e6 3. Nc3 Nf6 4. Bg5 Be7 5. Nf3 O-O 6. e3 h6 7. Bxf6 Bxf6 8. Bd3
c5 9. cxd5 exd5 10. O-O c4 11. Be2 Nc6 12. b3 Be6 13. bxc4 dxc4 14. Rb1 Qe7 15.
Qa4 a6 16. Rb6 Qc7 17. Rfb1 Rab8 18. Ne4 Bf5 19. Nxf6+ gxf6 20. Qxc4 Bxb1 21.
Rxb1 Qd7 22. Qc5 b5 23. Qh5 Kg7 24. a3 Ne7 25. e4 f5 26. e5 f4 27. Bd3 Rfc8 28.
Rd1 Rc3 29. a4 bxa4 30. Bxa6 Rb2 31. Qh4 Nd5 32. Ne1 a3 33. Ra1 a2 34. Bf1 Rb1
35. Rxa2 Rxe1 36. h3 Rcc1 37. Kh2 Rxf1 38. g3 Rh1+ 39. Kg2 f3+ 40. Kxf3 Qf5+
41. Qf4 Rc3+ 42. Kg2 42... Qxh3# {Hossa checkmated} 0-1

[Event "ICS rated blitz match"]
[Site "204.178.125.65"]
[Date "1999.08.10"]
[Round "?"]
[White "VirtualChessX"]
[Black "Hossa"]
[Result "1-0"]
[WhiteElo "2594"]
[BlackElo "2460"]
[PlyCount "96"]
[EventDate "1999.??.??"]

1. e4 c6 2. d4 d5 3. Nd2 Nf6 4. e5 Nfd7 5. e6 fxe6 6. Bd3 g6 7. Ngf3 Bg7 8. O-O
O-O 9. Ng5 Rf6 10. Re1 Nb6 11. c3 Qf8 12. Nb3 Rxf2 13. Nxh7 Qf7 14. Ng5 Qf6 15.
Nh3 Rf5 16. Bxf5 Qxf5 17. Rf1 Qh5 18. Qxh5 gxh5 19. Nf4 h4 20. Nc5 e5 21. Ng6
N8d7 22. Nxe7+ Kh8 23. Rf5 Bf6 24. Rh5+ Kg7 25. Nxc8 Rxc8 26. dxe5 Nxe5 27. Bg5
Bxg5 28. Rxg5+ Ng6 29. Nxb7 Re8 30. Nc5 Kf6 31. Rg4 Nc4 32. b3 Ne3 33. Ra4 Re7
34. Re1 Kg5 35. Nd3 Kf5 36. h3 c5 37. Kf2 c4 38. Nb4 d4 39. cxd4 cxb3 40. axb3
Re4 41. Ra5+ Kf6 42. Rxe3 Rxd4 43. Nd5+ Kg7 44. Rxa7+ Kh6 45. Rd7 Rd1 46. b4
Rd2+ 47. Re2 Rxe2+ 48. Kxe2 48... Ne5 {Hossa resigns} 1-0

[Event "ICS rated blitz match"]
[Site "204.178.125.65"]
[Date "1999.08.10"]
[Round "?"]
[White "Hossa"]
[Black "knightmare51"]
[Result "1-0"]
[WhiteElo "2458"]
[BlackElo "2315"]
[PlyCount "125"]
[EventDate "1999.??.??"]

1. d4 d5 2. c4 e6 3. Nc3 c5 4. cxd5 exd5 5. Nf3 Nc6 6. g3 Nf6 7. Bg2 Be7 8. O-O
O-O 9. Bg5 h6 10. Bxf6 Bxf6 11. dxc5 Re8 12. Rc1 d4 13. Nb5 Bf5 14. Nd6 Bg6 15.
Nxe8 Qxe8 16. a3 Rd8 17. Re1 Qd7 18. Qb3 a5 19. Rcd1 Be4 20. Qb6 Qe7 21. b4
axb4 22. axb4 Re8 23. b5 Ne5 24. Nxe5 Qxe5 25. Bxe4 Qxe4 26. c6 bxc6 27. Qxc6
Qxc6 28. bxc6 Rc8 29. Rc1 Rc7 30. Rc2 Kf8 31. Rb1 Ke7 32. Rb7 Kd6 33. Rxc7 Kxc7
34. Kg2 Be5 35. g4 g6 36. h3 f5 37. gxf5 gxf5 38. h4 Bd6 39. h5 Kb6 40. Kf3 Bc7
41. Rc1 Be5 42. Rg1 Kxc6 43. Rg6+ Kd5 44. Rxh6 d3 45. exd3 Kd4 46. Rg6 Kxd3 47.
h6 f4 48. Rg8 Kd4 49. h7 Bf6 50. h8=Q Bxh8 51. Rxh8 Ke5 52. Rh5+ Kf6 53. Kxf4
Ke6 54. Kg5 Ke5 55. f4+ Ke4 56. f5 Ke5 57. f6 Ke6 58. Kg6 Kd7 59. f7 Ke7 60.
f8=Q+ Ke6 61. Qc5 Kd7 62. Kf7 Kd8 63. Rd5# {knightmare51 checkmated} 1-0

[Event "ICS rated blitz match"]
[Site "204.178.125.65"]
[Date "1999.08.10"]
[Round "?"]
[White "Hossa"]
[Black "Esen"]
[Result "1-0"]
[WhiteElo "2468"]
[BlackElo "2051"]
[PlyCount "74"]
[EventDate "1999.??.??"]

1. d4 Nf6 2. c4 e6 3. Nc3 Bb4 4. Bg5 Bxc3+ 5. bxc3 h6 6. Bxf6 Qxf6 7. e4 d6 8.
Bd3 b6 9. Qf3 Qxf3 10. Nxf3 Nd7 11. Rb1 e5 12. Ke2 c5 13. a4 O-O 14. Rb3 Re8
15. d5 Nf8 16. Ke3 Bg4 17. Rhb1 Bxf3 18. Kxf3 Nd7 19. g3 g6 20. h4 Kg7 21. Ke3
f6 22. h5 g5 23. Be2 Re7 24. Bg4 Nf8 25. Bf5 Rb7 26. a5 Rab8 27. f4 Kf7 28.
fxe5 dxe5 29. axb6 Rxb6 30. Rxb6 Rxb6 31. Rb5 Rxb5 32. cxb5 Ke7 33. Kd3 Nd7 34.
Kc4 Nb6+ 35. Kxc5 Na4+ 36. Kb4 Nb6 37. c4 37... Kd6 {Esen resigns} 1-0

[Event "ICS rated blitz match"]
[Site "204.178.125.65"]
[Date "1999.08.10"]
[Round "?"]
[White "Esen"]
[Black "Hossa"]
[Result "0-1"]
[WhiteElo "2048"]
[BlackElo "2471"]
[PlyCount "51"]
[EventDate "1999.??.??"]

1. e4 Nf6 2. Nc3 Nc6 3. Nf3 d5 4. e5 Ne4 5. d3 Nxc3 6. bxc3 f6 7. exf6 exf6 8.
Be2 Bd6 9. O-O O-O 10. Re1 Ne7 11. Bf1 Re8 12. a4 Bg4 13. h3 Bd7 14. Ba3 c5 15.
d4 Qc7 16. Bb5 cxd4 17. Bxd6 Qxd6 18. Bxd7 Qxd7 19. cxd4 Ng6 20. c3 Rxe1+ 21.
Qxe1 Re8 22. Qd2 Re4 23. Ne1 Qe8 24. Kf1 Qb8 25. Kg1 Nf4 26. f3 {Esen resigns}
0-1

[Event "ICS rated blitz match"]
[Site "204.178.125.65"]
[Date "1999.08.10"]
[Round "?"]
[White "Hossa"]
[Black "Esen"]
[Result "1-0"]
[WhiteElo "2474"]
[BlackElo "2045"]
[PlyCount "75"]
[EventDate "1999.??.??"]

1. d4 Nf6 2. c4 e6 3. Nc3 Bb4 4. Bg5 Bxc3+ 5. bxc3 h6 6. Bxf6 Qxf6 7. e4 d6 8.
Bd3 b6 9. Qf3 Qxf3 10. Nxf3 Nd7 11. Rb1 e5 12. Ke2 c5 13. a4 O-O 14. Rb3 Re8
15. d5 Nf8 16. Ke3 Bg4 17. Rhb1 Bxf3 18. Kxf3 Nd7 19. g3 a5 20. Bf1 f5 21. exf5
Reb8 22. Bd3 Ra6 23. g4 Nf6 24. h4 Kf7 25. g5 Nd7 26. gxh6 gxh6 27. Rg1 Rg8 28.
Rg6 Rxg6 29. fxg6+ Kf6 30. Kg4 Kg7 31. h5 Kf6 32. Bf5 Nf8 33. Rb2 Kg7 34. f4
exf4 35. Re2 Ra7 36. Kxf4 Kf6 37. Re8 Nd7 38. Re6+ {Esen resigns} 1-0

[Event "ICS rated blitz match"]
[Site "204.178.125.65"]
[Date "1999.08.10"]
[Round "?"]
[White "Esen"]
[Black "Hossa"]
[Result "0-1"]
[WhiteElo "2043"]
[BlackElo "2476"]
[PlyCount "59"]
[EventDate "1999.??.??"]

1. e4 Nf6 2. Nc3 Nc6 3. Nf3 d5 4. e5 Ne4 5. Bb5 Nxc3 6. dxc3 Bg4 7. h3 Bh5 8.
Bxc6+ bxc6 9. O-O e6 10. Qd3 Qd7 11. Be3 Bxf3 12. gxf3 Be7 13. Kh2 Rb8 14. b3
O-O 15. Rg1 f6 16. Bh6 Rf7 17. f4 Kh8 18. Rxg7 Rxg7 19. Bxg7+ Kxg7 20. Rg1+ Kh8
21. Qg3 Bc5 22. exf6 Qf7 23. Qg7+ Qxg7 24. fxg7+ Kg8 25. h4 Bxf2 26. Rg4 Be1
27. h5 Bxc3 28. h6 Bd2 29. Kg3 e5 30. fxe5 {Esen resigns} 0-1

[Event "ICS rated blitz match"]
[Site "204.178.125.65"]
[Date "1999.08.10"]
[Round "?"]
[White "Hossa"]
[Black "inmortal"]
[Result "1/2-1/2"]
[WhiteElo "2490"]
[BlackElo "2370"]
[PlyCount "137"]
[EventDate "1999.??.??"]

1. e4 e5 2. Nc3 Nc6 3. Bb5 a6 4. Bxc6 dxc6 5. Nge2 f6 6. O-O Bc5 7. d3 g5 8.
Be3 Bf8 9. d4 h6 10. Qe1 Be6 11. Rd1 Qe7 12. dxe5 fxe5 13. Qd2 Nf6 14. f3 Nh5
15. Qe1 Nf4 16. Bxf4 gxf4 17. Rd2 Rg8 18. Kh1 Qg5 19. Ng1 Bc5 20. b3 Bb4 21.
Qa1 Ke7 22. Rfd1 Bc5 23. a4 Kf6 24. Qb2 Bd4 25. Re2 a5 26. Rdd2 Kf7 27. Rd3 c5
28. Qc1 c4 29. Rxd4 exd4 30. Nb5 d3 31. cxd3 cxd3 32. Qxc7+ Kg6 33. Rd2 Rad8
34. Qb6 Qf6 35. Nc7 Bf7 36. Qxa5 Kh7 37. Qb5 Kh8 38. Nd5 Bxd5 39. exd5 Qg6 40.
Qxd3 Qxd3 41. Rxd3 Rge8 42. Rd1 Re5 43. Rd4 Rdxd5 44. Rxf4 Rd1 45. Re4 Rxe4 46.
fxe4 Re1 47. h3 Rxe4 48. Nf3 Re3 49. Nd4 Rd3 50. Nf5 Kh7 51. b4 Rb3 52. b5 Rb4
53. Nd6 b6 54. g4 Rxa4 55. Kg2 Rb4 56. Kg3 Kg6 57. h4 Kf6 58. Kf3 Ke5 59. Nf7+
Kf6 60. Nd6 Ke6 61. Nf5 h5 62. Ng7+ Ke5 63. Nxh5 Rxb5 64. g5 Rb4 65. Nf6 Rxh4
66. Nd7+ Kf5 67. Nxb6 Kxg5 68. Nd5 Rf4+ 69. Nxf4 {
Game drawn because neither player has mating material} 1/2-1/2

[Event "ICS rated blitz match"]
[Site "204.178.125.65"]
[Date "1999.08.10"]
[Round "?"]
[White "MrBalboa"]
[Black "Hossa"]
[Result "0-1"]
[WhiteElo "2322"]
[BlackElo "2485"]
[PlyCount "74"]
[EventDate "1999.??.??"]

1. d4 d5 2. c4 dxc4 3. e3 e5 4. Bxc4 exd4 5. exd4 Bd6 6. Nf3 Qe7+ 7. Qe2 Bg4 8.
O-O Qxe2 9. Bxe2 Nc6 10. h3 Bh5 11. Nc3 Nge7 12. Be3 O-O 13. a3 Rfe8 14. Nb5
Nd5 15. Nxd6 cxd6 16. Bb5 Bxf3 17. gxf3 Nxe3 18. fxe3 Rxe3 19. Rac1 Nxd4 20.
Bc4 Rxf3 21. Kg2 Rxf1 22. Rxf1 Rf8 23. Rd1 Nf5 24. Kf3 Re8 25. Kf4 Ne3 26. Rd4
h6 27. Ba2 g5+ 28. Kf3 Nf5 29. Rb4 b5 30. Kg4 Re5 31. Bb1 Ng7 32. Bd3 f5+ 33.
Kf3 Ne6 34. Kf2 a6 35. a4 Nc5 36. Bc2 bxa4 37. Bxa4 37... Nd3+ {
MrBalboa resigns} 0-1

[Event "ICS rated blitz match"]
[Site "204.178.125.65"]
[Date "1999.08.10"]
[Round "?"]
[White "Hossa"]
[Black "GARCICS"]
[Result "1-0"]
[WhiteElo "2494"]
[BlackElo "2031"]
[PlyCount "57"]
[EventDate "1999.??.??"]

1. d4 Nf6 2. c4 g6 3. Nc3 Bg7 4. e4 O-O 5. Bg5 d6 6. f3 c5 7. dxc5 dxc5 8. Qd3
Nc6 9. O-O-O Qxd3 10. Bxd3 Be6 11. Nd5 Bxd5 12. cxd5 Nd4 13. Ne2 Nxe2+ 14. Bxe2
Rfd8 15. Bc4 a6 16. e5 b5 17. exf6 exf6 18. Be3 bxc4 19. Bxc5 f5 20. Rhe1 Rab8
21. Ba3 c3 22. Re2 Rb5 23. bxc3 Bxc3 24. Rd3 Bf6 25. d6 Rdb8 26. d7 Rd8 27.
Re8+ Kg7 28. Bf8+ Kg8 29. Bh6+ {GARCICS resigns} 1-0

[Event "ICS rated blitz match"]
[Site "204.178.125.65"]
[Date "1999.08.10"]
[Round "?"]
[White "GARCICS"]
[Black "Hossa"]
[Result "1-0"]
[WhiteElo "2029"]
[BlackElo "2496"]
[PlyCount "83"]
[EventDate "1999.??.??"]

1. e4 Nf6 2. e5 Ne4 3. d3 Nc5 4. d4 Nca6 5. Nf3 d5 6. Nbd2 c5 7. c3 e6 8. a3
Be7 9. Bd3 c4 10. Bc2 Nc7 11. h4 O-O 12. Bxh7+ Kxh7 13. Ng5+ Kg6 14. Qg4 Bxg5
15. Nf3 f5 16. Qg3 Kf7 17. Bxg5 Qd7 18. h5 Rh8 19. Bf6 gxf6 20. Qg6+ Kf8 21.
Qxf6+ Kg8 22. Rh3 Ne8 23. Rg3+ Ng7 24. h6 Rxh6 25. Qxh6 Qf7 26. O-O-O Nc6 27.
Rh1 Kf8 28. Qh8+ Qg8 29. Rh7 Qxh8 30. Rxh8+ Kf7 31. Rh7 Kf8 32. Rgxg7 Na5 33.
Ng5 Nb3+ 34. Kc2 Na1+ 35. Kb1 Nb3 36. Rf7+ Kg8 37. Rhg7+ Kh8 38. Nh7 Nd2+ 39.
Kc2 Nb1 40. Nf6 Nxa3+ 41. bxa3 b6 42. Rh7# {Hossa checkmated} 1-0

[Event "ICS rated blitz match"]
[Site "204.178.125.65"]
[Date "1999.08.10"]
[Round "?"]
[White "Hossa"]
[Black "Esen"]
[Result "1-0"]
[WhiteElo "2466"]
[BlackElo "2041"]
[PlyCount "43"]
[EventDate "1999.??.??"]

1. d4 Nf6 2. c4 e6 3. Nc3 Bb4 4. Bg5 Bxc3+ 5. bxc3 h6 6. Bxf6 Qxf6 7. e4 d6 8.
Bd3 e5 9. Ne2 c5 10. d5 O-O 11. O-O Na6 12. f4 Qe7 13. fxe5 Qxe5 14. Rf4 f6 15.
Qd2 b6 16. Raf1 Nc7 17. Bc2 Ba6 18. Rf5 Qe7 19. Bd3 Rae8 20. R5f4 Qd8 21. Rg4
Re5 22. Qxh6 {Esen resigns} 1-0

[Event "ICS rated blitz match"]
[Site "204.178.125.65"]
[Date "1999.08.10"]
[Round "?"]
[White "Esen"]
[Black "Hossa"]
[Result "0-1"]
[WhiteElo "2038"]
[BlackElo "2469"]
[PlyCount "46"]
[EventDate "1999.??.??"]

1. e4 e5 2. Nf3 Nc6 3. Bb5 a6 4. Bxc6 dxc6 5. O-O Bg4 6. h3 Bh5 7. d3 Qf6 8.
Nc3 Bxf3 9. Qxf3 Qxf3 10. gxf3 Rd8 11. Ne2 Bd6 12. b3 Kd7 13. a4 f5 14. Ng3 f4
15. Ne2 c5 16. Bb2 g5 17. Kh2 Nf6 18. Rg1 h6 19. h4 Nh7 20. hxg5 Nxg5 21. Kg2
Rdg8 22. Kf1 Nxf3 23. Rxg8 23... Rxg8 {Esen resigns} 0-1

[Event "ICS rated blitz match"]
[Site "204.178.125.65"]
[Date "1999.08.10"]
[Round "?"]
[White "Hossa"]
[Black "Esen"]
[Result "1-0"]
[WhiteElo "2471"]
[BlackElo "2036"]
[PlyCount "93"]
[EventDate "1999.??.??"]

1. d4 Nf6 2. c4 e6 3. Nf3 Bb4+ 4. Bd2 Bxd2+ 5. Nbxd2 O-O 6. e3 b6 7. Bd3 Bb7 8.
Qc2 h6 9. O-O d6 10. Ne4 Nxe4 11. Bxe4 Bxe4 12. Qxe4 d5 13. cxd5 Qxd5 14. Qd3
Nd7 15. Rfc1 Rfc8 16. e4 Qd6 17. Rc2 c5 18. Rac1 a5 19. Kh1 Rc7 20. Kg1 Rac8
21. Qa3 Qf8 22. Rc4 Qe7 23. Nd2 Qf8 24. Qg3 Nf6 25. f3 Qe7 26. Nb3 Nd7 27. a4
Qf8 28. R4c3 Qe7 29. R1c2 Qf8 30. Kh1 Qe7 31. Rc4 Qf8 32. Kg1 Qe7 33. Rd2 e5
34. d5 Qd6 35. Qg4 f6 36. Qh5 Kf8 37. Nc1 Kg8 38. Ne2 Nf8 39. Rd3 Nh7 40. b3
Ng5 41. Ng3 Qe7 42. Nf5 Qe8 43. Qg4 Qd7 44. h4 Nh7 45. d6 Ra7 46. Ne7+ Kf8 47.
Nxc8 {Esen resigns} 1-0

[Event "ICS rated blitz match"]
[Site "204.178.125.65"]
[Date "1999.08.10"]
[Round "?"]
[White "Hossa"]
[Black "Esen"]
[Result "1/2-1/2"]
[WhiteElo "2475"]
[BlackElo "2032"]
[PlyCount "127"]
[EventDate "1999.??.??"]

1. d4 Nf6 2. c4 e6 3. Nc3 Bb4 4. Bg5 Bxc3+ 5. bxc3 h6 6. Bxf6 Qxf6 7. e4 d6 8.
Bd3 b6 9. Qf3 Qxf3 10. Nxf3 Nd7 11. Rb1 e5 12. Ke2 c5 13. a4 O-O 14. Rb3 Re8
15. d5 Nf8 16. Ke3 Bg4 17. Rhb1 Bxf3 18. Kxf3 g6 19. h4 f6 20. Ke2 g5 21. hxg5
hxg5 22. Rh1 Ng6 23. g3 Kg7 24. Rbb1 Rh8 25. Rxh8 Rxh8 26. a5 Rb8 27. f3 Nf8
28. axb6 Rxb6 29. Rxb6 axb6 30. Ke3 Kf7 31. Bc2 Ng6 32. Ba4 Ke7 33. Bb5 Nh8 34.
Kf2 Nf7 35. g4 Nh8 36. Kg2 Ng6 37. Kf1 Kd8 38. Ke2 Nf4+ 39. Ke3 Kc7 40. Kf2 Kb7
41. Ke1 Kc7 42. Kd2 Kd8 43. Kc2 Nh3 44. Kd3 Nf4+ 45. Kc2 Nh3 46. Kd3 Nf4+ 47.
Kd2 Nh3 48. Bc6 Nf4 49. Ke1 Kc7 50. Bb5 Kd8 51. Ba4 Kc7 52. Kd2 Kd8 53. Bb3 Nh3
54. Ke3 Nf4 55. Ba4 Ng2+ 56. Kf2 Nf4 57. Bb5 Nd3+ 58. Ke3 Nf4 59. Bc6 Ng2+ 60.
Kf2 Nf4 61. Kf1 Nd3 62. Ke2 Nf4+ 63. Ke3 Ng2+ 64. Kf2 {
Game drawn by mutual agreement} 1/2-1/2

[Event "ICS rated blitz match"]
[Site "204.178.125.65"]
[Date "1999.08.10"]
[Round "?"]
[White "Hossa"]
[Black "Secret"]
[Result "0-1"]
[WhiteElo "2461"]
[BlackElo "2443"]
[PlyCount "121"]
[EventDate "1999.??.??"]

1. d4 d5 2. c4 dxc4 3. e4 e5 4. Nf3 exd4 5. Nxd4 Bb4+ 6. Nc3 Ne7 7. Bxc4 Nbc6
8. Be3 O-O 9. O-O Ne5 10. Be2 Bxc3 11. bxc3 b6 12. f4 Nd7 13. Qc2 Bb7 14. Rad1
Qe8 15. e5 Nd5 16. Bd2 Nc5 17. Nf3 Qa4 18. Qxa4 Nxa4 19. Rc1 Rfd8 20. c4 Ne7
21. Rb1 a5 22. g3 Rd7 23. Rb3 Nc5 24. Rb2 Rad8 25. Be3 Ne4 26. Rb3 Nf5 27. Rfb1
h5 28. Bc1 Nc5 29. R3b2 Na4 30. Rb3 Bxf3 31. Bxf3 Nd4 32. Bxh5 Nxb3 33. axb3
Nc3 34. Ra1 Rd3 35. Bg4 Ne4 36. e6 Nc5 37. e7 Re8 38. Be2 Rxb3 39. Ba3 Re3 40.
Bg4 Ra8 41. Bxc5 bxc5 42. Bf3 Ra6 43. Rb1 Rxe7 44. Rb8+ Kh7 45. Rb5 a4 46. Rb2
Kg6 47. Ra2 a3 48. h4 Re3 49. Kg2 Rb6 50. Kf2 Rc3 51. Be2 Rb2 52. Ra1 a2 53.
h5+ Kf6 54. g4 Rcc2 55. Kf3 Rxe2 56. h6 gxh6 57. Rh1 Rf2+ 58. Ke4 Rh2 59. Ra1
Rb1 60. Rxa2 Rxa2 61. Kd5 {Hossa resigns} 0-1

[Event "ICS rated blitz match"]
[Site "204.178.125.65"]
[Date "1999.08.10"]
[Round "?"]
[White "joejan"]
[Black "Hossa"]
[Result "0-1"]
[WhiteElo "2385"]
[BlackElo "2444"]
[PlyCount "88"]
[EventDate "1999.??.??"]

1. e4 e5 2. d4 exd4 3. Qxd4 Nc6 4. Qe3 Nf6 5. Nc3 Bb4 6. Bd2 O-O 7. O-O-O Ng4
8. Qg3 Nge5 9. f4 Ng6 10. h4 d6 11. h5 Nge7 12. h6 g6 13. Nf3 Be6 14. f5 Bd7
15. Bc4 Kh8 16. Ng5 Ne5 17. Bb3 Qe8 18. Bf4 N5c6 19. a3 Ba5 20. Rhf1 Rc8 21.
Bd2 Ne5 22. Bf4 N5c6 23. fxg6 fxg6 24. Bxd6 cxd6 25. Nf7+ Rxf7 26. Bxf7 Qf8 27.
Qg5 Ng8 28. Bxg8 Bd8 29. Rxf8 Bxg5+ 30. Kb1 Rxf8 31. Bb3 Bf4 32. Nd5 Bxh6 33.
Ba4 Rf2 34. Nc3 Bf4 35. Nb5 Nd8 36. c4 a6 37. Nc3 Bg4 38. Re1 Rxg2 39. Nd5 Be5
40. Rf1 Rxb2+ 41. Kc1 Kg7 42. Ne3 Ra2 43. Rg1 Ra1+ 44. Kd2 44... Rxg1 {
joejan resigns} 0-1

[Event "ICS rated blitz match"]
[Site "204.178.125.65"]
[Date "1999.08.10"]
[Round "?"]
[White "joejan"]
[Black "Hossa"]
[Result "0-1"]
[WhiteElo "2392"]
[BlackElo "2437"]
[PlyCount "134"]
[EventDate "1999.??.??"]

1. e4 e5 2. d4 exd4 3. Qxd4 Nc6 4. Qe3 Nf6 5. Nc3 Bb4 6. Bd2 O-O 7. O-O-O Ng4
8. Qg3 Nge5 9. f4 Ng6 10. h4 d6 11. h5 Nge7 12. Nf3 Re8 13. Bc4 Be6 14. Bxe6
fxe6 15. Ng5 Nd4 16. Be3 Bxc3 17. Rxd4 Bxd4 18. Bxd4 e5 19. Ne6 Nf5 20. exf5
Rxe6 21. fxe6 exd4 22. h6 g6 23. f5 Qf6 24. fxg6 Qxg6 25. Qh4 Qxg2 26. Re1 c5
27. Qh5 Qg6 28. Qd5 Qxh6+ 29. Kb1 Re8 30. Qxd6 Qg5 31. Qd7 Qe7 32. Qd5 h6 33.
Rg1+ Kh8 34. Qe5+ Kh7 35. Qf5+ Kh8 36. Rg6 Qf8 37. Rf6 Qg7 38. Rg6 Rf8 39. Rxg7
Rxf5 40. Rg1 Re5 41. a4 Rxe6 42. Rh1 Kg7 43. Rh5 b6 44. a5 Kg6 45. Rh1 bxa5 46.
Ka2 Re2 47. Kb3 a4+ 48. Kxa4 Rxc2 49. Kb3 d3 50. Rg1+ Kf5 51. Rf1+ Ke5 52. Re1+
Kf4 53. Rf1+ Ke3 54. Rh1 c4+ 55. Ka2 c3 56. Rh3+ Ke2 57. Rh2+ Kf1 58. Rh1+ Kg2
59. Rxh6 Rxb2+ 60. Ka1 d2 61. Rg6+ Kf1 62. Rg1+ Ke2 63. Rg2+ Kd1 64. Rg1+ Kc2
65. Rf1 Rb6 66. Rc1+ dxc1=Q+ 67. Ka2 67... Ra6# {joejan checkmated} 0-1

[Event "ICS rated blitz match"]
[Site "204.178.125.65"]
[Date "1999.08.10"]
[Round "?"]
[White "Big-Pawn"]
[Black "Hossa"]
[Result "0-1"]
[WhiteElo "2105"]
[BlackElo "2451"]
[Annotator "Fritz 5.32 (19s)"]
[PlyCount "36"]
[EventDate "1999.??.??"]

1. Nf3 1... g6 {Opening = B10 -(2.Nf3 d5 3.Nc3 ---)} 2. g3 d5 3. Bg2 Bg7 4. O-O
e5 5. d3 Ne7 6. Nbd2 (6. e4 O-O 7. Nc3 d4 8. Ne2 c5 9. c4 Nbc6 10. a3 a5 11. b3
Bd7 12. Rb1 Nc8 13. Ne1 Nd6 14. Qc2 Qc7 15. f4 f5 16. exf5 Nxf5 17. Bd5+ Kh8
18. Ng2 Rae8 19. Bd2 b6 20. Rbe1 20... exf4 {
Bezold,M-Kharitonov,A/Stockholm SWE 1999/0-1 (40)}) 6... O-O 7. e4 7... c6 $146
(7... Nbc6 8. exd5 (8. c3 a5 9. a4 h6 10. exd5 Nxd5 11. Nc4 Bf5 12. Re1 Re8 13.
Nh4 Be6 14. Bd2 Qd7 15. Qb3 Nde7 16. Bf1 Rad8 17. Rad1 b6 18. Bc1 g5 19. Ng2
Bg4 20. Be2 Bxe2 21. Rxe2 Nf5 22. Ree1 22... Nfd4 {
Frias,V-Baburin,A/2nd Mechanics, San Francisco USA 1997/0-1 (34)}) 8... Nxd5 9.
Re1 Re8 10. c3 h6 11. a4 a5 12. Nc4 Ra6 13. Qc2 Nb6 14. Nxb6 Rxb6 15. Be3 Ra6
16. Rad1 Bf5 17. Qb3 Qc8 18. Bc5 Be6 19. Qc2 Bg4 20. Re3 Ra8 21. Rde1 Qd7 22.
Nd2 {Mirumian,V-Tolstikh,N/op, Decin CZE (9) 1996/ - (42)}) 8. Qe2 Bg4 9. h3
Bxf3 10. Nxf3 Qd6 11. Nh4 f5 12. exf5 Nxf5 13. Nxf5 Rxf5 14. c3 14... Qc5 $14 (
14... Nd7 15. Re1 $11) 15. Kh2 Nd7 16. f4 Raf8 17. fxe5 $4 $19 {
danach kann Weiss alle Traeume begraben.} (17. Be3 $142 {
damit waere Weiss im Spiel geblieben} 17... Qd6 18. Rae1 $11 (18. Bxa7 $143
18... exf4 19. Rxf4 Rxf4 20. gxf4 20... b6 $17)) 17... Rxf1 18. Bxf1 $4 {
Weiss verkuerzt seine Leiden} (18. d4 $142 18... Rxc1 19. Rxc1 $19 (19. dxc5 $4
{Weiss ist zu gefraessig} 19... Rxa1 20. e6 20... Nxc5 $19)) 18... Rf2+ (18...
Rf2+ 19. Kh1 Rxe2 20. Bxe2 20... Qf2 $19) 0-1